| 000 | 01238nam0a2200325 4500 | ||
|---|---|---|---|
| 001 | RU\NLR\bibl\1209744 | ||
| 005 | 20250615104356.0 | ||
| 010 |
_a978-5-7793-0771-0 _95000 |
||
| 021 |
_aRU _b2008-8749 _9486 |
||
| 035 | _a(NLR Aleph) 001196175 | ||
| 090 |
_a1748287 _c1748287 |
||
| 100 | _a20080403d2008 |||y0rusy50 ca | ||
| 101 | 0 | _arus | |
| 102 | _aRU | ||
| 105 | _aa ||||||||| | ||
| 200 | 1 |
_aИскусство Возрождения _e[для старшего школьного возраста] _fАлексей Клиентов |
|
| 210 |
_aМосква _cБелый город _d2008 |
||
| 215 |
_a47, [1] с. _cцв. ил. _d29 |
||
| 225 | 1 | _aЭнциклопедия живописи для детей | |
| 300 | _aНа обл. авт. не указан | ||
| 606 | 1 |
_aИзобразительное искусство _jЭнциклопедии для детей _yЕвропа Западная _z13 - 16 вв. _92297292 _3RU\NLR\auth\661375546 |
|
| 686 |
_aШ9 _bЩ |
||
| 700 | 1 |
_aКлиентов _bА. Е. _gАлексей Евгеньевич _4070 |
|
| 801 | 0 |
_aRU _bNLR _c20080403 _gRCR |
|
| 801 | 1 |
_aRU _bNLR _c20080403 |
|
| 830 | _aпо кн. | ||
| 942 | _cBOOK | ||
| 980 | _aNB | ||